000 00596nam a2200205 i 4500
001 26060
003 ES-MaACL
005 20230906153359.0
007 t|
008 030107s1972 sp ||||1| spa d
100 1 _aArndt, Adolf.
_923079
245 1 0 _aJürgen Moltman
_b: hacia una sociedad crítica /
_cAdolf Arndt ; [Tradujo Diorki].
260 _aSalamanca :
_bSígueme,
_c1972.
300 _a91 p. ;
_c21 cm.
490 1 _aSéptimo sello ;
_v19
710 2 _aDiorki.
_93392
830 0 _aSéptimo sello ;
_v19
_9181767
852 _aES-MaACL
_jC-45770
_bR.83791
999 _c26060
_d26060